000 01276cam a2200313 i 4500
001 13330764
003 EG-ScBUE
005 20241024090128.0
008 030902s2003 enka f 001 0 eng d
020 _a0521834481
020 _a9780521834483
040 _aDLC
_beng
_erda
_cDLC
_dDLC
_dEG-ScBUE
082 0 4 _a516.2
_222
_bGIB
100 1 _aGibson, Christopher G.,
_d1940-
_eauthor.
_97724
245 1 0 _aElementary euclidean geometry :
_ban introduction /
_cC. G. Gibson.
264 1 _aCambridge ;
_aNew York :
_bCambridge University Press,
_c2003.
300 _axvi, 174 pages :
_billustrations ;
_c24 cm
336 _2rdacontent
_atext
_btxt
337 _aunmediated
_2rdamedia
_bn
338 _avolume
_bnc
_2rdacarrier
500 _aIncludes index.
650 7 _aGeometry.
_2BUEsh
_97725
655 _vReading book
856 4 1 _3Sample text
_uhttp://www.loc.gov/catdir/samples/cam041/2003055904.html
856 4 2 _3Publisher description
_uhttp://www.loc.gov/catdir/description/cam041/2003055904.html
856 4 1 _3Table of contents
_uhttp://www.loc.gov/catdir/toc/cam041/2003055904.html
942 _2ddc
_cBB
999 _c12241
_d12241